00783 2200193 4500245006600000020002200066250001100088100001800099700002500117650001700142005001900159260004400178041001400222084001100236300002600247500028000273490002700553336000900580 aRumput Laut b : Seri Wirausahawan MudacMaman RusmanahText a978-602-8823-55-5 aCet. 1 aMaman Rusmana aSuro Udioko Prapanca aWirausahawan a20240506080034 aJakartabIntimedia Ciptanusantarac2013 aIndonesia a338.04 avi, 58 hlm. :c25 cm. aBuku ini berupaya menjembatani lahirnya pengusaha-pengusaha rumput laut yang tangguh. Namun, karena begitu luasnya kegiatan usaha rumput laut ini, mulai dari hulu ke hilir. Agar cekukannya menjadi lebih kecil, maka pembahasannya bergerak dalam bidang perdagangan rumput laut. aSeri Wirausahawan Muda atext